000 00734nam a2200241 a 4500
001 13397
003 BD-JhCC
005 20230917092045.0
008 230916b2017 bg |||| ||a| 000 0 ben d
035 _a(BD-JhCC)13397
040 _aBD-JhCC
_dBD-JhCC
041 _abengali
082 _a297.18
_bARA 2017
100 _aআরাফাত,নাসীম
245 _aখালিত এলেন রনাঙ্গনে /
_cনাসীম আরাফাত।
260 _aঢাকা:
_bমাকতাবাতৃল হুদা ইসলামিয়া;
_c2017.
300 _a128 p. :
_c22 cm.
600 _akhalid ibn walid
650 _aMuslim war
650 _aBiography
942 _2ddc
_cBK
999 _c13397
_d13397